| 000 | 00984nam a22001817a 4500 | ||
|---|---|---|---|
| 999 |
_c57815 _d57815 |
||
| 005 | 20210121123925.0 | ||
| 008 | 201217s2020 ge ||||| |||| 00| 0 geo d | ||
| 022 | _a15123804 | ||
| 041 | _ageo | ||
| 245 |
_aკრიმინოლოგი = criminologist : _bსაერთაშორისო სამართლის-პრაქტიკული ჟურნალი. 2020 / _cმთავ.რედ. მალხაზ ბაძაღუა. |
||
| 260 |
_aთბილისი : _bგრიგოლ რობაქიძის სახ. ინ-ტის სამართლისა და კრიმინოლოგიის სამეცნ. კვლევ. ინ-ტი, _c2020. |
||
| 300 |
_aV. _b |
||
| 653 | _aსამართალი | ||
| 653 | _aკრიმინოლოგია | ||
| 653 | _aპერიოდიკა | ||
| 700 |
_aბაძაღუა,მალხაზ _99931 _eმთ. რედაქტორი |
||
| 942 |
_2udc _cBK |
||